Pedro Almodovar, la otra España Cañi sociología y crítica cinematrográficas

Furkejuvvon:
Bibliográfalaš dieđut
Váldodahkkit: García de León, María Antonia (Dahkki), Maldonado, Teresa (Dahkki)
Materiálatiipa: Girji
Giella:espánnjágiella
Almmustuhtton: Madrid Area de Cultura 1989
Preanttus:2a. ed
Ráidu:Biblioteca de Autores y Temas Manchegos. Sección Ensayos, 52
Fáttát:
Fáddágilkorat: Lasit fáddágilkoriid
Eai fáddágilkorat, Lasit vuosttaš fáddágilkora!

MARC

LEADER 00000nam a2200000 a 4500
001 UCW0353
003 CL-VaPUC
008 930906e19890000SP |||||||||||||||||spa|d
082 0 4 |a 791.4309  |b GAR  |2 21 
100 0 |a García de León, María Antonia  |e author  |9 304278 
700 0 |a Maldonado, Teresa  |e author  |9 304279 
245 1 0 |a Pedro Almodovar, la otra España Cañi sociología y crítica cinematrográficas 
250 |a 2a. ed 
300 |a 291 p 
942 |c BK 
945 |d 19930906 00:00:00 
260 |a Madrid  |b Area de Cultura  |c 1989 
600 0 7 |a ALMODOVAR, PEDRO  |2 CL-VaPUC  |9 269488 
650 0 |a Productores y directores de cine  |9 266427 
651 0 |a España  |9 254926 
583 |a last modification  |c 19930906 00:00:00  |k Rodrigo Vera 
490 0 |a Biblioteca de Autores y Temas Manchegos. Sección Ensayos, 52 
999 |c 215552  |d 215550 
952 |0 0  |1 0  |4 0  |6 791_430900000000000_GAR_1989  |7 0  |8 R  |9 199899  |a BIBART  |b BIBART  |d 2019-11-14  |i 2671840  |o 791.4309 GAR 1989  |p 2671840  |r 2025-03-13  |w 2019-11-14  |y BK_R  |k ART